000 00578nam a2200169Ia 4500
003 IN-BaIIA
008 211028s9999 xx s 000 0 eng d
020 _a9780819412256 (Print)
040 _cIIA Library
100 _aMei, Sui-Sheng, ed.
_941233
245 0 _a1992 International Conference on Lasers and Optoelectronics
_h[eBook]
260 _aWashington, USA
_bSPIE
_c1993
300 _aOnline resource
490 _aProceedings of SPIE; V. 1979
856 _uhttps://www.spiedigitallibrary.org/conference-proceedings-of-spie/1979
_yClick Here to Access eBook
942 _cEB
999 _c22607
_d22607